000 01210nam a2200265Ia 4500
999 _c5624
_d5624
003 OSt
005 20200331154946.0
008 191128s2002 ck gr 000 0 spa d
040 _aCO-JMCR
_cCO-JMCR
041 0 _aspa
082 0 4 _a320.986 /
_bA282s
_221
100 1 _aAgudelo Villa, Hernando,
_eautor
_92294
245 1 0 _aSin reformas fundamentales no habrá paz :
_bla batalla contra el neoliberalismo /
_cHernando Agudelo Villa
250 _aPrimera edición
260 _aMedellín :
_bUniversidad Cooperativa de Colombia,
_c2002
300 _a349 páginas ;
_c24 cm.
490 0 _aBiblioteca del Pensamiento Liberal Colombiano. Liberalismo colombiano y social democracia
505 0 _aLa batalla contra el neoliberalismo -- Reformas de la estructura social -- La apertura o internacionalización de la economía -- La política de privatizaciones -- La recesión económica del neoliberalismo -- Vigencia del liberalismo -- El proceso de paz
650 1 4 _aPolítica gubernamental
_91835
650 1 4 _aGlobalización
_91597
650 1 4 _aApertura económica
_92295
650 1 4 _aPensamiento económico
_xideologías políticas
_92296
650 1 4 _aPartidos políticos
_92297
942 _2ddc
_cBK